Bratislava : ortofotomapa 1:10 000
Salvato in:
| Natura: | Libro |
|---|---|
| Pubblicazione: |
Harmanec :
Vojenský kartografický ústav,
2004
|
| Tags: |
Nessun Tag, puoi essere il primo ad aggiungerne!!
|
MARC
| LEADER | 00000nam a22000003a 4500 | ||
|---|---|---|---|
| 001 | stu96518 | ||
| 005 | 20141122105959.4 | ||
| 008 | 051024s2004----------------------------d | ||
| 020 | |a 80-8042-451-9 | ||
| 040 | |a STU |b slo | ||
| 041 | 0 | ||
| 245 | |a Bratislava : |b ortofotomapa 1:10 000 | ||
| 260 | |a Harmanec : |b Vojenský kartografický ústav, |c 2004 | ||
| 996 | |b 284AU03126 |c A*4762 |l AAKNAR |s A |a 24 |w stu96518_0001 | ||
| 996 | |b 284AU02970 |c A*4343 U |l AAKNAR |s A |a 24 |w stu96518_0002 | ||